000 00431nam a2200181Ia 4500
001 17964
005 20260306171555.0
008 260306s9999||||xx |||||||||||||| ||und||
041 _aESP
082 _a658.3
_bO47
100 _aOltra Climet, Francisco
_eAUT
245 0 _aDirección de recursos humanos
260 _c2008
300 _a373 páginas :
_c24 cm.
650 _aGEN
654 _aCAN
942 _cLIB
_dJUS
_fJUS
_2ddc
_n
999 _c17964
_d17964